1452 1128 1432 1695 1296 1788 1560 1349 1607 1343 1349 1360 1762 1749 1461 1696 1812 1956 1826 1899 1286 1685 1350 1742 1325 1292 1610 1023 1519 1438 1455 1892 1958 1509 1498 1904 1093 1631 1622 1399 1457 1622 1345 1439 1418 1843 1010 1139 1582 1751 1055 1865 1243 1592 1869 1813 1683 1392 1080 1892 1709 1371 1469 1688 1158 1131 1094 1362 1492 1203 1945 1685 1451 1656 1909 1029 1281 1337 1912 1802 1463 1282 1930 1895 1598 1781 1114 1170 1543 1097 1373 1069 1529 1404 1431 1509 1139 1451 1436 BCNSPRNW ULIB Ver.6.0+V

เปลี่ยนเป็นภาษาไทย

Change to English
 แสดงรายละเอียดบรรณานุกรม
  กลับหน้าหลัก

Brief Record : Get Marc (ISO 2709) : E-mail record : QR code < ปิดหน้าต่าง
LEADER : 00000nam 2200000uu 4500
001    13399125862
003     ULIB
008    020711s2017 th a 000 0 eng d
020    ^a9781259641176
060    ^aWS420^bP-T
100    ^aPantley, Elizabeth.
245    ^aThe no-cry sleep solution for newborns : Amazing Sleep from Day one-for Baby and You/^bPantley, Elizabeth.
260    ^aNew York :^bMcGraw-hill,^c2017
300    ^a336 pages;^c22 cm
650    ^aSleep Solution
650  0 ^aChid
945    ^p442^l0^i003244
999    ^aประนอม เกษจรัล
รายการนี้ยังไม่มีแท็ก
คุณยังไม่ได้ล็อกอิน คุณสามารถมีกิจกรรมร่วมกับเว็บไซต์ได้ แต่ต้องล็อกอินก่อน ::
  ล็อกอิน

รายการสื่อสารสนเทศ

ลำดับที่ ประเภท เลขเรียก/บาร์โค้ด สถานที่ สถานะ
1. วิทยาศาสตร์การแพทย์ และสุขภาพ
หนังสือสำรอง
สถานะ=หนังสือสำรอง
WS420 P-T ฉ.1 
  Barcode: 003244
ห้องสมุดวิทยาเขตสวรรค์ประชารักษ์
►หนังสือทั่วไป
บนชั้น

BibComment


ยังไม่เคยถูกคอมเมนท์

คอมเมนท์ทรัพยากรรายการนี้
  คอมเมนท์: The nocry sleep ..


 Copyright 2026. Bcnsprnw @Library